00946nab a2200253 uc450000100070000000500170000700800410002403500110006503500210007604000130009704100080011010000420011824501340016065000410029465000220033565000360035770000470039370000340044070000310047470000350050577301230054094200100066399900190067384653120240730091707.0030925s2002 spa  a846531 a(OCoLC)820077535 ccomduadb aspa10aMartinez Machin, L.4auteaut934434810aDisposicion espacial y temporal de la Hetreopsylla cubana (Crawford) en un area de Leucaena leucocephala (Lam) de wit en pastoreo aAcacia: Leucaena leucocephala940387 aLeguminosas99620 7aPlantas forrajeras2lemb92392710aValenciaga Valdes, Nurys4auteaut937888810aRuiz, T. E.4auteaut953439710aMora, C.4auteaut930945410aNoda, Aida C4auteaut95980370 tRevista Cubana de Ciencia Agrícola (La Habana)gVol. 36, No. 01, Mar. 2002, p. 3-6w352932x00347485 IMPRESO0112233 cARIMP c300096d300096